000 00571nam a2200169 i 4500
001 99371
003 ES-MaACL
005 20230906182503.0
007 t|
008 050907s1959 sp ||||1| spa d
100 1 _aMartín Santos, Gonzalo.
_977650
245 1 3 _aLa torre, el puente y el río
_b: (Diario íntimo de Fuentecillas) /
_cpor Gonzalo Martín Santos.
260 _aPalencia :
_bDiputación Provincial,
_c1959.
300 _a95 p., 16 lám. ;
_c17 cm.
710 1 _aPalencia (Provincia).
_bDiputación Provincial.
_96107
852 _aES-MaACL
_jC-18110
_bR.44493
999 _c99371
_d99371